[Event "Challenge"]
[Site "http://www.queenalice.com/game.php?id=358493"]
[Date "2008.2.21"]
[Round "-"]
[White "JhonDie"]
[Black "fredin"]
[Result "1-0"]
[WhiteElo "1486"]
[BlackElo "1443"]

1. Nf3 Nc6 2. e4 Nf6 3. Nc3 e5 4. d4 d6 5. Bb5 Bd7 6. a3 Be7 7. d5 Nb8 8. Qd3 c6
9. Ba4 O-O 10. h3 Na6 11. Be3 b5 12. dxc6 Bxc6 13. Bxb5 Bxb5 14. Qxb5 Nc7 15.
Qd3 Rb8 16. b4 Qd7 17. Bxa7 Rb7 18. Be3 d5 19. Bg5 dxe4 20. Qxd7 Nxd7 21. Bxe7
exf3 22. Bxf8 fxg2 23. Rg1 Nxf8 24. Rxg2 Nfe6 25. O-O-O Ra7 26. Rg5 f6 27. Rg3
Rxa3 28. Ne4 Ra4 29. c3 Nf4 30. Nxf6+ Kh8 31. Rd8+ Ne8 32. Rxe8# 1-0

[Event "Challenge"]
[Site "http://www.queenalice.com/game.php?id=358495"]
[Date "2008.2.21"]
[Round "-"]
[White "JOhnTortugo"]
[Black "fredin"]
[Result "1-0"]
[WhiteElo "1463"]
[BlackElo "1472"]

1. d4 d5 2. c4 dxc4 3. Nc3 Nc6 4. d5 Nb4 5. Qa4+ c6 6. Qxb4 cxd5 7. Qb5+ Qd7 8.
Qxd5 Qxd5 9. Nxd5 Rb8 10. Bf4 e6 11. Nc7+ Kd8 12. Rd1+ Ke7 13. Nd5+ exd5 14.
Bxb8 Nf6 15. Nf3 Ne4 16. Rxd5 Be6 17. Rd4 f5 18. e3 c3 19. Bc4 cxb2 20. O-O Nc3
21. Nd2 Kf7 22. Rd8 Bxc4 23. Nxc4 b1=Q 24. Rxb1 Nxb1 25. Bxa7 b5 26. Nd6+ Bxd6
27. Rxh8 h6 28. Rc8 b4 29. Bc5 Be7 30. Bxb4 Bxb4 31. Rb8 Nc3 32. Rxb4 Nxa2 33.
Rf4 g6 34. e4 Kf6 35. exf5 gxf5 36. g4 Ke5 37. Rxf5+ Ke6 38. Rh5 Kf6 39. Rxh6+
Kg5 40. Ra6 Nc3 41. h3 Ne4 42. Ra5+ Kh4 43. Kg2 Nf6 44. g5 Ne4 45. g6 Nf6 46. g7
Ng8 47. Ra8 Nh6 48. Rh8 Kg5 49. Rxh6 Kxh6 50. g8=Q Kh5 51. Kg3 Kh6 52. f4 Kh5
53. f5 1-0

[Event "desafio"]
[Site "http://www.queenalice.com/game.php?id=358675"]
[Date "2008.2.22"]
[Round "-"]
[White "junior_chess"]
[Black "fredin"]
[Result "0-1"]
[WhiteElo "1449"]
[BlackElo "1433"]

1. e4 e5 2. Nf3 Nc6 3. d4 d6 4. Bb5 Bd7 5. dxe5 Nxe5 6. Bxd7+ Qxd7 7. Nc3 O-O-O
8. O-O Nf6 9. Re1 h6 10. Qd4 Qg4 11. Qxa7 Nxf3+ 0-1

[Event "Another Challenge!!!"]
[Site "http://www.queenalice.com/game.php?id=362309"]
[Date "2008.2.28"]
[Round "-"]
[White "fredin"]
[Black "JhonDie"]
[Result "0-1"]
[WhiteElo "1443"]
[BlackElo "1599"]

1. e4 e6 2. Nf3 Nc6 3. d3 Bc5 4. Bf4 d5 5. exd5 exd5 6. d4 Bb4+ 7. c3 Bd6 8. Ne5
Qe7 9. Qe2 Na5 10. Qb5+ c6 11. Qxa5 f6 12. Be2 fxe5 13. dxe5 Bxe5 14. Be3 a6 15.
O-O Nf6 16. Nd2 Qd6 17. Bh5+ Nxh5 18. c4 Bxh2+ 19. Kh1 O-O 20. c5 Qe5 21. Rad1
Bf4 22. Qc3 Qxc3 23. bxc3 Bxe3 24. fxe3 Ng3+ 25. Kg1 Nxf1 26. Nxf1 Bg4 27. Re1
Rae8 28. Nh2 Re4 29. Rb1 Rxe3 30. Rxb7 Re1+ 31. Nf1 Rexf1+ 32. Kh2 Bc8 33. Rc7
R1f6 34. a4 Bf5 35. Ra7 Bd3 36. a5 R6f7 37. Rxf7 Rxf7 38. g4 Rf2+ 39. Kg3 Rc2
40. Kf4 Rxc3 41. Ke5 Bb5 42. Kd6 g5 43. Kc7 Kg7 44. Kd6 d4 45. Ke5 Rc4 46. Kf5
h6 47. Ke5 d3 0-1

[Event "Challenge"]
[Site "http://www.queenalice.com/game.php?id=365558"]
[Date "2008.3.4"]
[Round "-"]
[White "jokerchess"]
[Black "fredin"]
[Result "1-0"]
[WhiteElo "1449"]
[BlackElo "1472"]

1. c4 e5 2. d4 f6 3. d5 Ne7 4. e4 d6 5. g4 c6 6. Nc3 c5 7. f4 exf4 8. Bxf4 Ng6
9. Nh3 Qb6 10. Qb3 Qxb3 11. axb3 Na6 12. Nb5 Nxf4 13. Nxf4 Bxg4 14. Rxa6 bxa6
15. Nc7+ Kd8 16. Nxa8 Bf3 17. Bg2 Bg4 18. Bh3 Bf3 19. O-O Bxe4 20. Ne6+ Ke7 21.
Re1 Bc2 22. Nd4+ Be4 23. Nc6+ Kf7 24. Rxe4 f5 25. Re6 g6 26. Nc7 Bh6 27. Re7+
Kf6 28. Kg2 g5 29. Re6+ Kg7 30. Bxf5 Rf8 31. Ne8+ Kf7 32. Nd8+ Kg8 33. Nf6+ Kg7
34. Nh5+ Kg8 35. Nf6+ Kg7 36. Nh5+ Kg8 37. Rxh6 Rxf5 38. Rxd6 a5 39. Re6 Rf8 40.
Nc6 Kf7 41. Rf6+ Ke8 42. Rxf8+ Kxf8 43. Nxa7 Kf7 44. Nc6 Kg6 45. Ng3 h5 46. Nxa5
h4 47. Ne4 g4 48. h3 Kh5 49. Nf6+ Kg5 50. Nxg4 Kf4 51. d6 Kf5 52. d7 1-0

[Event "Nova Revanche"]
[Site "http://www.queenalice.com/game.php?id=381717"]
[Date "2008.4.3"]
[Round "-"]
[White "fredin"]
[Black "Luke1416"]
[Result "1/2-1/2"]
[WhiteElo "1472"]
[BlackElo "1576"]

1. e4 e5 2. Nf3 d6 3. Bb5+ Bd7 4. Bc4 b5 5. Bd3 Nf6 6. Nc3 Bg4 7. Bxb5+ c6 8.
Ba4 Bxf3 9. Qxf3 a6 10. d3 Be7 11. Nd5 O-O 12. Nxf6+ Bxf6 13. Be3 Re8 14. Rd1
Re7 15. d4 exd4 16. Bxd4 Bxd4 17. Rxd4 d5 18. O-O Re5 19. Re1 Qb6 20. c3 Qxb2
21. Bb3 Qa3 22. Qg3 Qe7 23. Rb4 a5 24. Rb6 g6 25. Re3 Rxe4 26. Rxb8+ Rxb8 27.
Qxb8+ Kg7 28. Qg3 Rxe3 29. fxe3 Qe4 30. h3 Qd3 31. Qe5+ f6 32. Qe7+ Kh6 33. Qxf6
Qxe3+ 34. Kh2 Qe4 35. Qxc6 Qe5+ 36. Kg1 Qe1+ 37. Kh2 Qe5+ 38. Kg1 Qe1+ 39. Kh2
Qe5+ 40. g3 Qe2+ 41. Kg1 Qe1+ 42. Kg2 Qe2+ 43. Kh1 Qf1+ 44. Kh2 Qf2+ 45. Kh1
Qf1+ 46. Kh2 Qf2+ 47. Kh1 Qf1+ 48. Kh2 1/2-1/2

[Event "Challenge"]
[Site "http://www.queenalice.com/game.php?id=397116"]
[Date "2008.5.2"]
[Round "-"]
[White "Mehiel"]
[Black "fredin"]
[Result "1/2-1/2"]
[WhiteElo "1566"]
[BlackElo "1476"]

1. e4 e5 2. Nf3 Nc6 3. Nc3 Nf6 4. Bc4 Qe7 5. d3 d6 6. Bg5 h6 7. Bxf6 Qxf6 8. Nd5
Qd8 9. O-O Be6 10. a3 Bxd5 11. Bxd5 Ne7 12. Bxb7 Rb8 13. Ba6 Rxb2 14. Bc4 Ng6
15. Qc1 Rb6 16. Qd2 c5 17. Qa5 Be7 18. Qxa7 O-O 19. g3 Rb2 20. Rfc1 Qb8 21. Qxb8
Rbxb8 22. Bd5 Bd8 23. Nd2 Ne7 24. Nc4 Bc7 25. a4 Kh8 26. a5 f5 27. exf5 Nxd5 28.
a6 Ra8 29. Ne3 Nb4 30. Rcb1 Nxa6 31. Nd5 Bd8 32. h4 g5 33. h5 Rxf5 34. g4 Rf8
35. Rb7 Nc7 36. Rxa8 Nxd5 37. Raa7 Nf6 38. c4 Re8 39. f3 Re7 40. Rxe7 Bxe7 41.
Rxe7 Ng8 42. Re6 Kg7 43. Rxd6 Ne7 44. Rd7 Kf6 45. Rc7 Ke6 46. Rxc5 Kd6 47. Ra5
Nc6 48. Rd5+ Ke6 49. Kf2 Nb4 50. Ke3 Nxd5+ 51. cxd5+ Kxd5 52. Ke2 1/2-1/2

[Event "Challenge"]
[Site "http://www.queenalice.com/game.php?id=397117"]
[Date "2008.5.2"]
[Round "-"]
[White "RuiSilva"]
[Black "fredin"]
[Result "0-1"]
[WhiteElo "1503"]
[BlackElo "1534"]

1. e4 e5 2. Nf3 Nc6 3. d4 f6 4. Bc4 Nh6 5. O-O f5 6. Nxe5 Qf6 7. Nxc6 dxc6 8.
exf5 Nxf5 9. Qe2+ Be7 10. Nc3 Nxd4 11. Qe4 Bf5 12. Qf4 Nxc2 13. Rb1 Bd6 14. Qg5
Qe5 15. Bf4 Qxf4 16. Qxf4 Bxf4 17. g3 Be5 18. Bb3 Nd4 19. Rbc1 O-O-O 20. Rfe1
Rhe8 21. Bd1 Bf6 22. Bb3 Rxe1+ 23. Rxe1 Nxb3 24. axb3 Bxc3 25. bxc3 Rd3 26. Re8+
Rd8 27. Rxd8+ Kxd8 28. Kg2 b5 29. c4 bxc4 30. bxc4 c5 31. Kf3 a5 0-1

[Event "Desempate"]
[Site "http://www.queenalice.com/game.php?id=406331"]
[Date "2008.5.21"]
[Round "-"]
[White "Mehiel"]
[Black "fredin"]
[Result "0-1"]
[WhiteElo "1628"]
[BlackElo "1480"]

1. d4 d5 2. Nf3 Nc6 3. e3 e6 4. Bd3 Bb4+ 5. c3 Bd6 6. O-O Nf6 7. b4 a6 8. a4 O-O
9. a5 b6 10. axb6 cxb6 11. Ba3 a5 12. b5 Ne7 13. Bxd6 Qxd6 14. Ne5 Ng6 15. Nxg6
fxg6 16. Nd2 e5 17. dxe5 Qxe5 18. c4 Nd7 19. Nf3 Qd6 20. cxd5 Qxd5 21. e4 Qc5
22. Rc1 Qe7 23. Bc4+ Kh8 24. Nd4 Qxe4 25. Ne6 Bb7 26. f3 Qe3+ 27. Rf2 Rf7 28.
Nc7 Rff8 29. Nxa8 Bxa8 30. Rc2 Ne5 31. Be6 Nd3 32. Re2 Nxf2 33. Rxf2 Qxe6 34. h3
a4 35. Qxa4 Qe1+ 36. Rf1 Qe3+ 37. Rf2 h5 38. Kf1 Qc1+ 39. Ke2 Re8+ 40. Kd3 Qe3+
41. Kc2 Qxf2+ 42. Kb3 Qxg2 43. f4 Bd5+ 44. Kc3 Qxh3+ 45. Kb2 Re2+ 46. Qc2 Rxc2+
47. Kxc2 Qf5+ 48. Kc3 h4 49. Kd4 h3 50. Ke3 h2 0-1

[Event "Challenge"]
[Site "http://www.queenalice.com/game.php?id=412598"]
[Date "2008.6.3"]
[Round "-"]
[White "AnnaMaria"]
[Black "fredin"]
[Result "1-0"]
[WhiteElo "1707"]
[BlackElo "1521"]

1. e4 e5 2. Nf3 Nc6 3. Bb5 d6 4. Bxc6+ bxc6 5. h3 c5 6. c3 Bd7 7. d4 Qf6 8. dxe5
dxe5 9. Bg5 Qb6 10. Qc2 Rb8 11. b3 f6 12. Be3 g5 13. Nh2 Qc6 14. Nd2 Nh6 15. O-O
Bd6 16. Rac1 O-O 17. Nc4 Rb5 18. Nxd6 cxd6 19. c4 Ra5 20. h4 Bc8 21. hxg5 fxg5
22. Bxg5 Nf7 23. Bh4 Bb7 24. Rfe1 Nh6 25. f3 Qe8 26. Qd2 Qh5 27. Be7 Ra6 28.
Bxf8 Kxf8 29. Rcd1 Rc6 30. Qa5 a6 31. Qd8+ Qe8 32. Qf6+ Nf7 33. Rd2 Qd8 34.
Qxd8+ Nxd8 35. Red1 Nf7 36. Ng4 h5 37. Ne3 Ke7 38. Nf5+ Ke6 39. Ng7+ Ke7 40.
Nxh5 a5 41. Ng3 Nh6 42. Nf5+ Nxf5 43. exf5 Bc8 44. f6+ Kxf6 45. Rxd6+ Rxd6 46.
Rxd6+ Kf5 47. Rd5 Kf4 48. Rxc5 e4 49. Rxc8 1-0

[Event "Challenge"]
[Site "http://www.queenalice.com/game.php?id=416395"]
[Date "2008.6.12"]
[Round "-"]
[White "gilberth1"]
[Black "fredin"]
[Result "0-1"]
[WhiteElo "1581"]
[BlackElo "1502"]

1. d4 d5 2. Nf3 Bg4 3. Nc3 Bxf3 4. exf3 Nf6 5. Bg5 e6 6. Qe2 Be7 7. Qb5+ c6 8.
Qxb7 Nbd7 9. Qxc6 Rc8 10. Qa4 Qb6 11. Bd3 Qxb2 12. O-O Qxc3 13. Qa6 Rc7 14. Qb5
O-O 15. Bxf6 Bxf6 16. Rab1 Bxd4 0-1

[Event "Challenge"]
[Site "http://www.queenalice.com/game.php?id=418802"]
[Date "2008.6.16"]
[Round "-"]
[White "fredin"]
[Black "Dr_Jekyll"]
[Result "1-0"]
[WhiteElo "1521"]
[BlackElo "1385"]

1. e4 Nf6 2. Nc3 e5 3. Nf3 d6 4. Be2 c5 5. Bb5+ Bd7 6. d3 a6 7. Bc4 Qa5 8. O-O
Nc6 9. Bd2 O-O-O 10. Nd5 Nxd5 11. Bxa5 b6 12. Bxd5 bxa5 13. Bxf7 a4 14. c3 Be7
15. Qxa4 Nb8 16. Qc4 Bb5 17. Qd5 Nd7 18. a4 Nf6 19. Qe6+ Bd7 20. Qc4 d5 21. exd5
Rhf8 22. Qxa6+ Kc7 23. Nxe5 Bd6 24. Nxd7 Rxd7 25. Be6 Re7 26. Bh3 g5 27. f3 Ree8
28. Rae1 Ra8 29. Qc4 Rfe8 30. Rxe8 Nxe8 31. d4 Ra5 32. Qe2 Nf6 33. Qe6 Nd7 34.
Qxd7+ Kb6 35. Qxd6+ Ka7 36. dxc5 Rxa4 37. Qd7+ 1-0

[Event "vem pro pau"]
[Site "http://www.queenalice.com/game.php?id=442150"]
[Date "2008.8.1"]
[Round "-"]
[White "CampbellMarcel"]
[Black "fredin"]
[Result "1-0"]
[WhiteElo "1740"]
[BlackElo "1549"]

1. e4 e5 2. Nf3 Nc6 3. c3 Nf6 4. Bc4 Nxe4 5. d3 Nc5 6. b4 Ne6 7. Bxe6 dxe6 8.
O-O Bd6 9. Re1 Qf6 10. Bg5 Qf5 11. Na3 f6 12. Be3 O-O 13. Nh4 Ne7 14. Nxf5 exf5
15. Nc4 f4 16. Nxd6 cxd6 17. Bd2 Bf5 18. d4 Rac8 19. dxe5 fxe5 20. Bxf4 Rxc3 21.
Rc1 Ra3 22. Qxd6 Ng6 23. Bxe5 Rxa2 24. Qd5+ Kh8 25. Qxa2 a6 26. Rc7 Nxe5 27.
Rxe5 Bc8 28. Ree7 b5 29. Rxg7 Bf5 30. Qb2 Bc8 31. Rxh7+ Kg8 32. Qg7# 1-0

[Event "AUTO-INT-991"]
[Site "http://www.queenalice.com/game.php?id=443792"]
[Date "2008.8.5"]
[Round "1"]
[White "fredin"]
[Black "Dangermouse"]
[Result "0-1"]
[WhiteElo "1508"]
[BlackElo "1723"]

1. e4 e6 2. Be2 d5 3. d3 c5 4. Na3 Nc6 5. Nf3 dxe4 6. dxe4 Qxd1+ 7. Bxd1 c4 8.
Nxc4 Bb4+ 9. Bd2 Nf6 10. Nd6+ Bxd6 11. O-O Bc5 12. Ng5 h6 13. Nh3 Nxe4 14. Be3
Bxe3 15. fxe3 O-O 16. Bf3 Nd2 17. Bxc6 Nxf1 18. Rxf1 bxc6 19. Nf4 Bb7 20. Nd3
Ba6 21. Rc1 Bxd3 22. cxd3 Rfc8 23. b4 a5 24. a3 axb4 25. axb4 Rab8 26. Rb1 c5
27. b5 Rb7 28. b6 Rcb8 29. d4 cxd4 30. exd4 Rxb6 31. Rxb6 Rxb6 0-1

[Event "AUTO-INT-991"]
[Site "http://www.queenalice.com/game.php?id=443805"]
[Date "2008.8.5"]
[Round "1"]
[White "fredin"]
[Black "Negruver"]
[Result "0-1"]
[WhiteElo "1541"]
[BlackElo "1265"]

1. e4 e5 2. Nf3 Nc6 3. Bc4 Qf6 4. O-O Qh6 5. d3 Qd6 6. Nc3 Nd4 7. Nb5 Nxb5 8.
Bxb5 c6 9. Bc4 Nh6 10. Bxh6 Qxh6 11. Nxe5 Bd6 12. Nxf7 Qxh2# 0-1

[Event "AUTO-INT-991"]
[Site "http://www.queenalice.com/game.php?id=443806"]
[Date "2008.8.5"]
[Round "1"]
[White "Negruver"]
[Black "fredin"]
[Result "0-1"]
[WhiteElo "1260"]
[BlackElo "1501"]

1. e3 e5 2. Qf3 Nc6 3. Na3 Bxa3 4. bxa3 Nf6 5. Bb2 O-O 6. d4 exd4 7. exd4 d5 8.
Nh3 Qe8+ 9. Be2 Ne4 10. Qe3 Bf5 11. O-O Nd6 12. Bd3 Qe6 13. Ng5 Qg6 14. g4 Bxd3
15. cxd3 Rae8 16. Qd2 h6 17. Nf3 Qxg4+ 18. Kh1 Qxf3+ 19. Kg1 Re2 20. Qc1 Qxd3
0-1

[Event "AUTO-INT-991"]
[Site "http://www.queenalice.com/game.php?id=443807"]
[Date "2008.8.5"]
[Round "1"]
[White "fredin"]
[Black "yclaudiu35"]
[Result "0-1"]
[WhiteElo "1505"]
[BlackElo "1812"]

1. e4 e5 2. Nf3 Nc6 3. Be2 Nf6 4. Nc3 Bb4 5. Ng5 Bxc3 6. dxc3 h6 7. Nf3 O-O 8.
Qd3 d5 9. exd5 Qxd5 10. c4 Qe6 11. O-O e4 12. Qe3 exf3 13. Qxe6 Bxe6 14. Bxf3
Bxc4 15. Re1 Nd4 16. Re3 Nxc2 17. Rb1 Nxe3 18. Bxe3 c6 19. b3 Bd3 20. Rd1 Ba6
21. Bc5 Rfd8 22. Bd4 Re8 23. Bxf6 gxf6 24. g4 Rad8 25. Rc1 Be2 26. Bxe2 Rxe2 27.
a4 Rdd2 28. Rf1 Rb2 29. Rd1 Rxf2 30. h3 Rf3 31. h4 Rbxb3 32. Rd8+ Kg7 33. Kg2
Rg3+ 34. Kf2 Rxg4 0-1

[Event "AUTO-INT-991"]
[Site "http://www.queenalice.com/game.php?id=443808"]
[Date "2008.8.5"]
[Round "1"]
[White "yclaudiu35"]
[Black "fredin"]
[Result "1-0"]
[WhiteElo "1783"]
[BlackElo "1513"]

1. e4 e5 2. Nf3 Nc6 3. Nc3 Bc5 4. Bb5 Nge7 5. Nd5 Nxd5 6. exd5 Nd4 7. Bc4 d6 8.
c3 Nf5 9. O-O O-O 10. a4 e4 11. Ne1 c6 12. d3 cxd5 13. Bxd5 exd3 14. Qxd3 a5 15.
Be4 Ne7 16. Bxh7+ Kh8 17. Be4 d5 18. Bf3 Bf5 19. Qb5 b6 20. g4 Bd7 21. Qd3 Kg8
22. Bxd5 Nxd5 23. h3 Nf6 24. Nf3 Bc6 25. Qxd8 Raxd8 26. Ne5 Bd5 27. Bg5 Be7 28.
Be3 Bc5 29. Bxc5 bxc5 30. c4 Be4 31. Rfe1 Rd2 32. b3 Re8 33. g5 Nh7 34. Rxe4
Nxg5 35. Re3 Nxh3+ 36. Rxh3 Rxe5 37. Kg2 Rg5+ 38. Kf1 Rb2 39. Rd1 f6 40. Rd8+
Kf7 41. Ra8 Rf5 42. Ra7+ Kg6 43. Rg3+ Kh5 44. Raxg7 Rbxf2+ 45. Ke1 Kh4 46. Rg1
R2f3 47. Rh1+ Rh3 48. Rh7+ Rh5 49. Rxh5+ Kxh5 50. Rxh3+ Kg4 51. Rd3 f5 52. Rd5
f4 53. Rxc5 f3 54. Rxa5 Kg3 55. Kf1 f2 56. c5 1-0

[Event "Challenge"]
[Site "http://www.queenalice.com/game.php?id=505437"]
[Date "2008.12.10"]
[Round "-"]
[White "manda"]
[Black "fredin"]
[Result "0-1"]
[WhiteElo "1333"]
[BlackElo "1501"]

1. d4 d5 2. Nf3 e6 3. Nc3 Bb4 4. g3 Bxc3+ 5. bxc3 f5 6. Ba3 Nf6 7. e3 Ne4 8. c4
c6 9. Bh3 dxc4 10. O-O Nc3 11. Qd2 Qa5 12. Qc1 Ne2+ 13. Kg2 Nxc1 14. Raxc1 Qxa3
15. Rce1 Qxa2 16. e4 fxe4 17. Rxe4 Qxc2 18. Re5 Nd7 19. Rxe6+ Kf7 20. Ng5+ Kg8
21. Rfe1 Nf8 22. Re8 Bxh3+ 23. Kxh3 Qf5+ 24. Kh4 h6 25. Ne6 Rxe8 26. g4 Qf6+ 27.
Kg3 Rxe6 28. f4 Rxe1 29. Kf2 Qh4+ 30. Kf3 Ne6 31. f5 Nxd4+ 32. Kf4 g5+ 0-1

[Event "Challenge"]
[Site "http://www.queenalice.com/game.php?id=554450"]
[Date "2009.3.11"]
[Round "-"]
[White "faelgalodoido"]
[Black "fredin"]
[Result "0-1"]
[WhiteElo "1524"]
[BlackElo "1510"]

1. e4 e5 2. d4 f6 3. dxe5 fxe5 4. Nf3 Nc6 5. a3 Nf6 6. Nc3 Ng4 7. Qe2 Nd4 8.
Nxd4 exd4 9. Nd5 c6 10. Qxg4 d6 11. Nf4 Bxg4 12. h3 Bd7 13. Bd3 Qh4 14. g3 Qf6
15. Bd2 d5 16. Nh5 Qf3 17. Nxg7+ Bxg7 18. Rf1 dxe4 19. Be2 Qg2 20. Bh5+ Kd8 21.
O-O-O Qxh3 22. g4 Bxg4 23. Rh1 Qf3 24. Bxg4 Qxg4 25. Rhg1 Qd7 26. Bg5+ Kc7 27.
Bf4+ Kc8 28. c3 Qf7 29. Rg4 Bf8 30. Rxd4 Qf5 31. Rh4 Be7 32. f3 Bxh4 33. fxe4
Qxf4+ 34. Kc2 Qf2+ 35. Kb3 Rd8 36. e5 Rxd4 37. cxd4 Qf7+ 38. Kc2 Qc4+ 39. Kb1
Bg5 40. e6 Qxe6 41. a4 Bf6 42. a5 Qe2 43. Ka2 Bxd4 44. Kb3 Qxb2+ 45. Ka4 Kc7 46.
a6 b5+ 47. Ka5 Bc3# 0-1

[Event "Challenge"]
[Site "http://www.queenalice.com/game.php?id=554597"]
[Date "2009.3.12"]
[Round "-"]
[White "duplexx"]
[Black "fredin"]
[Result "1-0"]
[WhiteElo "1659"]
[BlackElo "1527"]

1. e4 e5 2. Qh5 Nc6 3. Bc4 g6 4. Qf3 Nh6 5. d3 Qe7 6. Nc3 Nd4 7. Qd1 Ng4 8. Nd5
Qd8 9. Bg5 f6 10. Bh4 c6 11. Ne3 d6 12. c3 Nxe3 13. fxe3 Ne6 14. d4 Nc7 15. Nf3
Bg4 16. O-O g5 17. Bg3 b5 18. h3 Bh5 19. Be2 Na6 20. d5 c5 21. Bxb5+ Kf7 22.
Bxa6 Qb6 23. Qa4 Qxb2 24. Qd7+ Kg8 25. Qe6+ Bf7 26. Qd7 Qb6 27. Qb7 Rd8 28. Qxb6
axb6 29. Bb7 Bh6 30. h4 g4 31. Nd2 Bxe3+ 32. Kh1 Bxd2 33. c4 Bc3 34. Rab1 Rb8
35. Rxb6 Ba5 36. Rb5 Bd8 37. a4 Be8 38. Bc6 Rxb5 39. axb5 Bg6 40. Re1 Ba5 41.
Ra1 Bc3 42. Ra8+ Kg7 43. Rxh8 Kxh8 44. b6 Ba5 45. b7 Bc7 46. Be1 Bxe4 47. Ba5
Bb8 48. Kg1 Bd3 49. Bb5 e4 50. Kf2 h5 51. Bc3 Kg7 52. Ke3 Kg6 53. Be8+ Kh6 54.
Bxf6 Ba7 55. Be7 Bb8 56. Bf8+ Kh7 57. Bxh5 Bxc4 58. Kxe4 Bf1 59. Bxg4 Bxg2+ 60.
Bf3 Bf1 61. Kf5 c4 62. Ke6 c3 63. Bxd6 Ba7 64. Kd7 c2 65. Be4+ 1-0